[Event "ICS Rated blitz match"]
[Site "204.178.125.65"]
[Date "1999.10.20"]
[Round "?"]
[White "Hossa"]
[Black "SANTITI"]
[Result "1-0"]
[WhiteElo "2359"]
[BlackElo "2421"]
[PlyCount "131"]
[EventDate "1999.??.??"]

1. e4 e6 2. d4 d5 3. Nc3 Bb4 4. e5 c5 5. a3 Bxc3+ 6. bxc3 Ne7 7. Qg4 O-O 8. Bd3
f5 9. exf6 Rxf6 10. Bg5 Rf7 11. Qh5 g6 12. Qh6 c4 13. Be2 Qf8 14. Qxf8+ Kxf8
15. Nf3 Nbc6 16. Bh6+ Kg8 17. O-O Nf5 18. Bg5 Kg7 19. Rae1 h6 20. Bd2 Nd6 21.
Bc1 Ne4 22. Bb2 Bd7 23. Bxc4 Raf8 24. Bd3 Nd6 25. Rb1 b6 26. Rfe1 Nf5 27. Bc1
g5 28. a4 g4 29. Nd2 Be8 30. Ba3 Rf6 31. Bxf8+ Kxf8 32. f3 g3 33. hxg3 Nxg3 34.
Kf2 Nh5 35. g3 Kg7 36. Bb5 Rg6 37. Nf1 Kf8 38. Bxc6 Bxc6 39. Re5 Ng7 40. Ra1
Ke7 41. a5 b5 42. Rae1 a6 43. Ne3 Kd6 44. Rh1 Be8 45. Kg2 h5 46. Kf2 Rf6 47.
Re1 Rf7 48. Ng2 Rc7 49. Nf4 Rxc3 50. Nxe6 Rxc2+ 51. Kg1 Nxe6 52. Rxe6+ Kd7 53.
Re7+ Kd8 54. Rxe8+ Kd7 55. R8e7+ Kd8 56. R7e5 b4 57. Rxd5+ Kc7 58. Rxh5 b3 59.
Rc5+ Rxc5 60. dxc5 Kc6 61. Rb1 Kxc5 62. Rxb3 Kc4 63. Rb6 Kc5 64. f4 Kd5 65. f5
Ke5 66. f6 {SANTITI resigns} 1-0

[Event "ICS rated blitz match"]
[Site "204.178.125.65"]
[Date "1999.10.20"]
[Round "?"]
[White "rebeccaB"]
[Black "Hossa"]
[Result "0-1"]
[WhiteElo "2306"]
[BlackElo "2378"]
[PlyCount "52"]
[EventDate "1999.??.??"]

1. c4 e5 2. Nc3 Nf6 3. g3 d5 4. cxd5 Nxd5 5. Bg2 Nxc3 6. bxc3 Nc6 7. e4 Be7 8.
Ne2 Qd3 9. O-O O-O 10. f4 Bc5+ 11. Kh1 Bg4 12. Re1 Bf2 13. Ba3 Bxe1 14. Bxf8
Bxd2 15. Nc1 Qe3 16. Qf1 Rxf8 17. Nb3 Bxc3 18. Rc1 Nd4 19. Nc5 Ne2 20. Nd3 Nxc1
21. Nxc1 Rd8 22. fxe5 Rd1 23. h3 Rxf1+ 24. Bxf1 Bf3+ 25. Bg2 Qxc1+ 26. Kh2
26... Qd2 {rebeccaB resigns} 0-1

[Event "ICS rated blitz match"]
[Site "204.178.125.65"]
[Date "1999.10.20"]
[Round "?"]
[White "virusx"]
[Black "Hossa"]
[Result "1-0"]
[WhiteElo "2740"]
[BlackElo "2403"]
[PlyCount "88"]
[EventDate "1999.??.??"]

1. d4 Nf6 2. Nf3 g6 3. g3 Bg7 4. Bg2 O-O 5. c4 c5 6. Nc3 cxd4 7. Nxd4 Nc6 8.
O-O Ng4 9. e3 Nge5 10. b3 d6 11. h3 a5 12. a3 Ra6 13. Bb2 Re8 14. Qe2 Bd7 15.
Rfd1 Qc8 16. Kh2 Ra8 17. Nd5 Rb8 18. Nb5 f6 19. c5 a4 20. Nb6 Qd8 21. Nxa4 Be6
22. Bd5 Bxd5 23. Rxd5 Nf7 24. cxd6 exd6 25. Rad1 Bf8 26. Nc5 Qc8 27. Nd3 Nce5
28. Nf4 g5 29. Nh5 Be7 30. f4 Nd7 31. Rc1 Qd8 32. Nc7 Rf8 33. Ne6 Qb6 34. Rb5
Qa6 35. Rc7 Rfd8 36. Bxf6 Nxf6 37. Rxe7 Nd5 38. Qb2 Ne5 39. Rxd5 Rf8 40. fxe5
Rf7 41. Nf6+ Rxf6 42. exf6 Qe2+ 43. Qxe2 Rc8 44. f7+ 44... Kh8 {Hossa resigns}
1-0

[Event "ICS rated blitz match"]
[Site "204.178.125.65"]
[Date "1999.10.20"]
[Round "?"]
[White "virusx"]
[Black "Hossa"]
[Result "1-0"]
[WhiteElo "2739"]
[BlackElo "2399"]
[PlyCount "98"]
[EventDate "1999.??.??"]

1. e4 e5 2. Bc4 Nc6 3. Nf3 Nf6 4. d3 d5 5. exd5 Nxd5 6. O-O Bg4 7. h3 Bh5 8.
Re1 Qd6 9. Bb5 O-O-O 10. Bxc6 bxc6 11. g4 Bg6 12. Nxe5 f6 13. Nxg6 hxg6 14. Qf3
Rh4 15. Na3 Qd7 16. Bd2 Bxa3 17. bxa3 Rdh8 18. Kg2 Qd6 19. Rh1 Qxa3 20. Qe4 g5
21. Rab1 Nb6 22. Qxc6 Qe7 23. Be3 Kb8 24. a4 Qe5 25. Rb5 Qe8 26. Qxe8+ Rxe8 27.
a5 Kb7 28. axb6 axb6 29. Kg3 Kc6 30. Rb4 Kd6 31. Rd4+ Kc6 32. Ra4 Reh8 33. f4
gxf4+ 34. Rxf4 Kd6 35. c4 Ke7 36. Re4+ Kf7 37. Rd4 Ke7 38. Bf4 c6 39. Re1+ Kf7
40. Rd7+ Kg6 41. Rh1 R8h7 42. Rd6 b5 43. Rxc6 bxc4 44. dxc4 Rh8 45. c5 R4h7 46.
h4 Ra8 47. h5+ Kf7 48. Rd1 Kf8 49. Rc7 49... Kg8 {Hossa resigns} 1-0

[Event "ICS rated blitz match"]
[Site "204.178.125.65"]
[Date "1999.10.20"]
[Round "?"]
[White "Yousef"]
[Black "Hossa"]
[Result "0-1"]
[WhiteElo "2225"]
[BlackElo "2401"]
[PlyCount "124"]
[EventDate "1999.??.??"]

1. e4 d5 2. exd5 Qxd5 3. d4 Nc6 4. Be3 Bf5 5. c4 Qd6 6. Nc3 e6 7. Nf3 Qb4 8.
Qb3 Qxb3 9. axb3 Nb4 10. Kd2 a6 11. Nb5 Rc8 12. Nc3 Nc2 13. Rc1 Nxe3 14. fxe3
c5 15. d5 exd5 16. Nxd5 Be6 17. e4 Bd6 18. e5 Bb8 19. Bd3 Rd8 20. Be4 Ne7 21.
Ke2 Nxd5 22. Bxd5 Bxd5 23. cxd5 Rxd5 24. Rhd1 Rxd1 25. Kxd1 Kd7 26. Rxc5 Re8
27. Kd2 b6 28. Rd5+ Kc6 29. Rd3 Bxe5 30. Nxe5+ Rxe5 31. Rc3+ Kd6 32. Rc8 Rh5
33. h3 Rb5 34. Rf8 Ke7 35. Rh8 Rxb3 36. Kc2 Rg3 37. Rxh7 f5 38. Rh5 Rxg2+ 39.
Kb3 Kf6 40. Rh4 Rh2 41. Rc4 Rxh3+ 42. Ka2 Ke5 43. Rc6 Rh6 44. Rc7 g5 45. Rg7 g4
46. Rf7 a5 47. Kb1 f4 48. Kc2 Ke4 49. Kd2 Kf3 50. Rg7 Rd6+ 51. Ke1 Rd3 52. Rg6
Rb3 53. Rg5 Rxb2 54. Rg6 b5 55. Rg5 a4 56. Rg6 b4 57. Rb6 g3 58. Rd6 Re2+ 59.
Kd1 g2 60. Rg6 a3 61. Kc1 a2 62. Rxg2 62... a1=Q# {Yousef checkmated} 0-1

[Event "ICS rated blitz match"]
[Site "204.178.125.65"]
[Date "1999.10.20"]
[Round "?"]
[White "Hossa"]
[Black "Architect"]
[Result "1-0"]
[WhiteElo "2410"]
[BlackElo "2323"]
[PlyCount "53"]
[EventDate "1999.??.??"]

1. d4 g6 2. e4 Bg7 3. Nc3 c6 4. Nf3 d6 5. Be2 Qc7 6. Be3 Nd7 7. O-O b5 8. Qd2
a6 9. a4 b4 10. Na2 a5 11. c4 c5 12. d5 Ne5 13. Nxe5 Bxe5 14. f4 Bg7 15. Rae1
Bd7 16. b3 O-O-O 17. Bf3 e5 18. Bd1 f6 19. fxe5 dxe5 20. d6 Qc6 21. Qd5 Qxd5
22. cxd5 Kb7 23. Be2 Rc8 24. Rc1 Kb6 25. Rxc5 Rxc5 26. Rc1 Kb7 27. Rxc5 {
Architect resigns} 1-0

[Event "ICS rated blitz match"]
[Site "204.178.125.65"]
[Date "1999.10.20"]
[Round "?"]
[White "GTS-Viper"]
[Black "Hossa"]
[Result "1-0"]
[WhiteElo "2677"]
[BlackElo "2422"]
[PlyCount "163"]
[EventDate "1999.??.??"]

1. e4 d5 2. exd5 Qxd5 3. Nc3 Qa5 4. d4 c6 5. Nf3 Bf5 6. Be2 Na6 7. O-O Nb4 8.
a3 Nxc2 9. Ra2 e6 10. Nh4 Nxa3 11. Nxf5 exf5 12. Qb3 Qb6 13. Qxb6 axb6 14. bxa3
Bd6 15. Bd3 g6 16. Re1+ Kf8 17. f3 Nf6 18. Bh6+ Kg8 19. Rb1 b5 20. Rb3 Nh5 21.
a4 b4 22. Ne2 Nf6 23. Bf4 Bf8 24. Be5 Kg7 25. a5 Be7 26. Nf4 Rhd8 27. Ra4 Re8
28. Kf1 Red8 29. Be2 h5 30. Ra1 Kh6 31. Bc4 g5 32. Ne2 Kg6 33. Bg3 Nd5 34. Be1
Nb6 35. Bd3 Nd5 36. Bd2 h4 37. g4 hxg3 38. Nxg3 Kf6 39. Nxf5 Bf8 40. Kf2 Rdb8
41. Ng3 Be7 42. Ne4+ Kg7 43. Bxg5 f6 44. Bd2 Rh8 45. Kg2 Rag8 46. Bc4 Rh4 47.
Be1 Rh6 48. Ng3 f5 49. Nxf5+ Kf6+ 50. Ng3 Rgh8 51. Ne4+ Kf5 52. Bg3 Nf4+ 53.
Kh1 Rd8 54. Bf2 Rdh8 55. Bg1 Nh3 56. Ng3+ Kg5 57. Re1 Bf8 58. Re5+ Kg6 59. Be3
Rh4 60. Re6+ Kh7 61. a6 bxa6 62. Bxa6 Nf4 63. Rxc6 Rg8 64. Nf5 Ng2 65. Bc4 Rh5
66. Bxg8+ Kxg8 67. Ng3 Nxe3 68. Nxh5 Nd5 69. Nf6+ Nxf6 70. Rxf6 Be7 71. Rc6 Kg7
72. d5 Bf8 73. d6 Kf7 74. Rxb4 Ke6 75. Re4+ Kd7 76. Rb6 Kd8 77. Rb8+ Kd7 78.
Rxf8 Kc6 79. Rf6 Kc5 80. d7 Kb5 81. d8=Q Kc5 82. Qa5# {Hossa checkmated} 1-0

[Event "ICS rated blitz match"]
[Site "204.178.125.65"]
[Date "1999.10.20"]
[Round "?"]
[White "Hossa"]
[Black "GTS-Viper"]
[Result "0-1"]
[WhiteElo "2416"]
[BlackElo "2683"]
[PlyCount "136"]
[EventDate "1999.??.??"]

1. d4 d5 2. c4 c6 3. Nf3 Nf6 4. Nc3 e6 5. Bg5 h6 6. Bxf6 Qxf6 7. e3 Nd7 8. Be2
g6 9. O-O Bg7 10. cxd5 exd5 11. b4 Nb6 12. Rc1 O-O 13. b5 Qe6 14. bxc6 bxc6 15.
Na4 Nxa4 16. Qxa4 Bd7 17. Qa5 Qe7 18. Rc5 Rfb8 19. Bd3 Rb6 20. Rfc1 Qe6 21.
R5c3 Be8 22. Rb3 Rab8 23. Qxa7 Rxb3 24. axb3 Rxb3 25. Ne1 Bd7 26. Qc7 Rb2 27.
Ra1 Be8 28. Ra8 Rb4 29. Kf1 Rb3 30. Ra7 Bf8 31. Qd8 Bb4 32. Ra8 Kf8 33. Qb8 Rb2
34. Nf3 Bc3 35. Qf4 g5 36. Qc7 Bb4 37. Ne5 Rd2 38. Be2 Rc2 39. Nd3 Bd6 40. Qb7
Qf5 41. Qb3 Rc4 42. Ra7 Kg8 43. Kg1 Qe4 44. Rb7 Qe6 45. Qa2 Qc8 46. Ra7 Qf5 47.
Qa5 Rc2 48. Qd8 Rxe2 49. Qxe8+ Kg7 50. g3 Rd2 51. Qxc6 Rd1+ 52. Kg2 g4 53.
Rxf7+ Kxf7 54. Ne5+ Bxe5 55. Qxd5+ Kg6 56. Qc6+ Bf6 57. Qe8+ Kg7 58. Qc6 Rd2
59. Qc7+ Kg6 60. Qf4 Qxf4 61. gxf4 Bh4 62. d5 Kf5 63. e4+ Kxf4 64. d6 Rxf2+ 65.
Kg1 Kf3 66. d7 Re2 67. h3 Re1+ 68. Kh2 68... g3# {Hossa checkmated} 0-1

[Event "ICS Rated blitz match"]
[Site "204.178.125.65"]
[Date "1999.10.20"]
[Round "?"]
[White "maury"]
[Black "Hossa"]
[Result "0-1"]
[WhiteElo "2297"]
[BlackElo "2410"]
[PlyCount "124"]
[EventDate "1999.??.??"]

1. d3 d5 2. g3 e5 3. Bg2 Nf6 4. e3 Bb4+ 5. c3 Be7 6. Ne2 O-O 7. O-O Nbd7 8. b3
c6 9. Bb2 Re8 10. d4 Rb8 11. Nd2 Bd6 12. c4 Qe7 13. Nf3 exd4 14. Nfxd4 Nb6 15.
cxd5 Nbxd5 16. Nc3 Bd7 17. Nxd5 cxd5 18. Rc1 Rbc8 19. Qe2 Ne4 20. Qh5 Qe5 21.
Qxe5 Bxe5 22. Bxe4 dxe4 23. Rxc8 Rxc8 24. Rc1 Rxc1+ 25. Bxc1 f5 26. Bb2 Kf7 27.
Kf1 g5 28. Ke1 h5 29. Kd2 b5 30. Bc3 Bd6 31. Nc2 h4 32. Bb4 hxg3 33. hxg3 Be5
34. Bc5 a5 35. Bb6 a4 36. b4 Be6 37. a3 Kg6 38. Bd4 Bc7 39. Bc5 Bd7 40. Nd4 Kf6
41. Kc3 Be5 42. Bb6 Kg6 43. Bd8 Bd6 44. Bb6 Bb8 45. Bd8 Be5 46. Bb6 Be6 47. Kd2
Bc4 48. Kc3 Be2 49. Kd2 Bf1 50. Bc5 Bc4 51. Bb6 Bg7 52. Bc5 Bf1 53. Nc6 Bb2 54.
Bd4 Bxa3 55. Kc2 Kf7 56. Bc3 g4 57. Bd2 Bd3+ 58. Kc3 Ke6 59. Kd4 Kd6 60. Ne5
Bb2+ 61. Bc3 Bxc3+ 62. Kxc3 62... Kxe5 {maury resigns} 0-1

[Event "ICS rated blitz match"]
[Site "204.178.125.65"]
[Date "1999.10.20"]
[Round "?"]
[White "Hossa"]
[Black "Banane"]
[Result "1-0"]
[WhiteElo "2421"]
[BlackElo "2183"]
[PlyCount "69"]
[EventDate "1999.??.??"]

1. d4 c5 2. d5 e5 3. dxe6 fxe6 4. e4 d5 5. Bd3 c4 6. Be2 Nf6 7. e5 Ne4 8. Bh5+
g6 9. Bf3 Ng5 10. Nc3 Nxf3+ 11. Nxf3 Bg7 12. Bg5 Qa5 13. Bf6 O-O 14. Bxg7 Kxg7
15. h4 Nc6 16. h5 Bd7 17. hxg6 hxg6 18. Qd2 Rh8 19. O-O-O Qd8 20. Rxh8 Qxh8 21.
Kb1 Qh5 22. Qc1 Rf8 23. Rh1 Qg4 24. Qh6+ Kf7 25. Rh4 Qxh4 26. Nxh4 Rg8 27. Nb5
Nxe5 28. Nd6+ Ke7 29. Qh7+ Kxd6 30. Qxg8 b5 31. Qb8+ Ke7 32. Qxe5 Be8 33. Qg7+
Kd6 34. Nxg6 Bc6 35. Qe7# {Banane checkmated} 1-0

[Event "ICS rated blitz match"]
[Site "204.178.125.65"]
[Date "1999.10.20"]
[Round "?"]
[White "Banane"]
[Black "Hossa"]
[Result "0-1"]
[WhiteElo "2177"]
[BlackElo "2427"]
[PlyCount "32"]
[EventDate "1999.??.??"]

1. d4 d5 2. Bg5 Nd7 3. Nf3 f6 4. Bf4 g5 5. Bg3 h5 6. h3 e6 7. Qd3 Ne7 8. e3 Bg7
9. c4 c5 10. cxd5 exd5 11. Nc3 cxd4 12. exd4 h4 13. Bd6 Nb6 14. Bc5 Be6 15.
O-O-O Rc8 16. Kb1 16... Bf5 {Banane resigns} 0-1

[Event "ICS rated blitz match"]
[Site "204.178.125.65"]
[Date "1999.10.20"]
[Round "?"]
[White "Hossa"]
[Black "UFGator"]
[Result "0-1"]
[WhiteElo "2433"]
[BlackElo "2513"]
[PlyCount "115"]
[EventDate "1999.??.??"]

1. d4 e6 2. c4 Nf6 3. Nc3 d5 4. Bg5 dxc4 5. e3 Bb4 6. Bxc4 h6 7. Bxf6 Bxc3+ 8.
bxc3 Qxf6 9. Nf3 O-O 10. O-O Nc6 11. Bb5 Ne7 12. Qe1 a6 13. Bd3 Nc6 14. Be4 Ne7
15. c4 Nf5 16. Bxf5 Qxf5 17. e4 Qf6 18. Qa5 b6 19. Qh5 Bb7 20. Rfe1 Rfd8 21.
Rad1 Qf4 22. Ne5 Bxe4 23. g3 Qf5 24. Qxf7+ Qxf7 25. Nxf7 Kxf7 26. Rxe4 c5 27.
a4 Rd6 28. Rd3 Kg8 29. d5 Rad8 30. Rb3 exd5 31. cxd5 Kf7 32. Rf4+ Kg6 33. f3
Rb8 34. Rd3 b5 35. Rg4+ Kh7 36. Re4 b4 37. Rd1 Rbd8 38. Re5 b3 39. Re3 c4 40.
Rc1 Rxd5 41. Kg2 Rd2+ 42. Kh3 b2 43. Rb1 Rc2 44. Ree1 Rd3 45. f4 Ra3 46. f5 c3
47. f6 gxf6 48. Re7+ Kg6 49. Ree1 Rxa4 50. Re8 Ra1 51. Rg8+ Kf7 52. Rc8 Rxb1
53. Rb8 Rh1 54. g4 Rcxh2+ 55. Kg3 c2 56. g5 c1=Q 57. g6+ Kxg6 58. Kg4 {
Hossa resigns} 0-1

[Event "ICS rated blitz match"]
[Site "204.178.125.65"]
[Date "1999.10.21"]
[Round "?"]
[White "GaryGlitter"]
[Black "Hossa"]
[Result "1-0"]
[WhiteElo "2639"]
[BlackElo "2421"]
[PlyCount "104"]
[EventDate "1999.??.??"]

1. e4 d5 2. exd5 c6 3. dxc6 Nxc6 4. Bc4 e5 5. d3 Nf6 6. Nf3 Bg4 7. O-O Bd6 8.
Bg5 O-O 9. Nbd2 Nd4 10. h3 Nxf3+ 11. Nxf3 Bf5 12. Nh4 Bd7 13. Qf3 b5 14. Bb3 h6
15. Be3 Re8 16. Nf5 Bf8 17. a4 b4 18. a5 Be6 19. Ba4 Bd7 20. a6 Bxa4 21. Rxa4
Nd5 22. Qg4 Kh8 23. Raa1 Re6 24. Qe4 Kg8 25. Rfc1 Nxe3 26. Nxe3 Rc8 27. Nc4 Bc5
28. Re1 Bd4 29. Re2 Rcc6 30. Ra4 Qf8 31. b3 Bc3 32. Qd5 Qe8 33. Qb5 g6 34. Ra5
Qd8 35. Nxe5 Bxe5 36. Rxe5 Rxe5 37. Qxe5 Rxc2 38. Rb5 Rc8 39. d4 f6 40. Qe3 g5
41. Rb7 Rc7 42. d5 Rc2 43. Qe6+ Kh8 44. Qf7 Rc1+ 45. Kh2 Qd6+ 46. g3 Qc7 47.
Rxc7 Rxc7 48. Qxc7 Kg8 49. Qe7 f5 50. d6 f4 51. g4 h5 52. d7 52... hxg4 {
Hossa resigns} 1-0

[Event "ICS rated blitz match"]
[Site "204.178.125.65"]
[Date "1999.10.21"]
[Round "?"]
[White "Hossa"]
[Black "GTS-Viper"]
[Result "0-1"]
[WhiteElo "2419"]
[BlackElo "2688"]
[PlyCount "71"]
[EventDate "1999.??.??"]

1. e4 e5 2. Bc4 Nf6 3. d3 Nc6 4. Nf3 Bc5 5. c3 d6 6. Bb3 a6 7. O-O Ba7 8. Bg5
O-O 9. Nbd2 Bg4 10. Bd5 a5 11. Nc4 Bc5 12. Bxc6 bxc6 13. Qa4 Qd7 14. Bxf6 Bxf3
15. gxf3 gxf6 16. Kh1 Kh8 17. Nd2 Rg8 18. d4 exd4 19. Qc4 d3 20. Rg1 Bxf2 21.
Rg2 Rxg2 22. Kxg2 Be3 23. Nf1 Rg8+ 24. Ng3 d2 25. Qd3 Bf4 26. Rd1 h5 27. Qd4
Rg6 28. Kh1 Qh3 29. Rxd2 Bxd2 30. Qf2 Be3 31. Qxe3 Rxg3 32. Qe2 Rxf3 33. Kg1
Re3 34. Qd1 Rxe4 35. Kh1 Rf4 36. Kg1 {Hossa resigns} 0-1

[Event "ICS rated blitz match"]
[Site "204.178.125.65"]
[Date "1999.10.21"]
[Round "?"]
[White "BigHeart"]
[Black "Hossa"]
[Result "0-1"]
[WhiteElo "2391"]
[BlackElo "2413"]
[PlyCount "52"]
[EventDate "1999.??.??"]

1. e4 e5 2. Nf3 Nf6 3. d4 Nxe4 4. Bd3 d5 5. Nxe5 Nd7 6. Nc3 Nxe5 7. dxe5 Nxc3
8. bxc3 Be7 9. O-O O-O 10. Qh5 g6 11. Qh6 Re8 12. Qf4 f6 13. exf6 Bxf6 14. Bd2
Be5 15. Qh6 Bg7 16. Qf4 c5 17. c4 Rf8 18. Qg3 Bxa1 19. Rxa1 Bf5 20. Bh6 Bxd3
21. Qxd3 Rf5 22. Rd1 Qh4 23. Qe3 d4 24. Qd2 g5 25. Qd3 Rf6 26. Re1 26... Qxf2+
{BigHeart resigns} 0-1

[Event "ICS rated blitz match"]
[Site "204.178.125.65"]
[Date "1999.10.21"]
[Round "?"]
[White "Turbofish"]
[Black "Hossa"]
[Result "1/2-1/2"]
[WhiteElo "2342"]
[BlackElo "2418"]
[PlyCount "142"]
[EventDate "1999.??.??"]

1. e4 e5 2. Nf3 Nf6 3. d4 Nxe4 4. Bd3 d5 5. Nxe5 Nd7 6. Nxd7 Bxd7 7. c4 Bb4+ 8.
Nd2 Nxd2 9. Bxd2 Qe7+ 10. Qe2 Bxd2+ 11. Kxd2 Qxe2+ 12. Bxe2 dxc4 13. Bxc4 O-O-O
14. Kc3 Rhe8 15. Rhe1 Rxe1 16. Rxe1 Re8 17. Rxe8+ Bxe8 18. d5 h5 19. Kd4 Kd7
20. f4 Kd6 21. a3 Ba4 22. b4 Bc2 23. g3 g6 24. Ba2 f6 25. h4 Bd1 26. Bb1 f5 27.
Ba2 Bc2 28. Bc4 Ke7 29. Ke5 Bd1 30. Bd3 Bf3 31. Bb5 Bg4 32. Bd3 a6 33. a4 Bd1
34. a5 Ba4 35. Bc4 Bb5 36. Bb3 Bd3 37. Ba4 Bf1 38. Bb3 Be2 39. Bc2 Bf3 40. Bd3
Bd1 41. b5 axb5 42. Bxb5 Bf3 43. Bc4 Be4 44. Bb5 Bh1 45. Ba4 Bf3 46. Bb5 Be4
47. Bc4 Bc2 48. Bb5 Be4 49. a6 bxa6 50. Bxa6 Bf3 51. Bb7 Kf7 52. Bc6 Be2 53.
Bd7 Ke7 54. Be6 Ba6 55. Bg8 Bc8 56. Kd4 Kf8 57. Kc5 Kxg8 58. Kc6 Kg7 59. Kxc7
Ba6 60. d6 Bb5 61. d7 Bxd7 62. Kxd7 Kf7 63. Kd6 Kf6 64. Kd7 Kf7 65. Kd8 Kf8 66.
Kd7 Kf7 67. Kd6 Kf6 68. Kd5 Ke7 69. Ke5 Kf7 70. Kd6 Kf6 71. Kd7 71... Kf7 {
Game drawn by repetition} 1/2-1/2

[Event "ICS rated blitz match"]
[Site "204.178.125.65"]
[Date "1999.10.21"]
[Round "?"]
[White "Hossa"]
[Black "Turbofish"]
[Result "1-0"]
[WhiteElo "2415"]
[BlackElo "2345"]
[PlyCount "111"]
[EventDate "1999.??.??"]

1. e4 e6 2. d4 d5 3. Nc3 Bb4 4. e5 Qd7 5. Bd3 b6 6. a3 Bxc3+ 7. bxc3 Ba6 8. Bg5
h6 9. Bh4 Bxd3 10. cxd3 Nc6 11. Nf3 g5 12. Bg3 Nge7 13. O-O Nf5 14. Rb1 O-O-O
15. a4 Rdg8 16. Qd2 Qe7 17. Rfd1 h5 18. h4 gxh4 19. Bf4 h3 20. Bg5 Qf8 21. gxh3
h4 22. Kh1 Rg6 23. Bf6 Rhg8 24. Rg1 Rxg1+ 25. Rxg1 Rxg1+ 26. Kxg1 Qa3 27. Qc2
Qa1+ 28. Kg2 Kb7 29. Bxh4 a5 30. Bf6 Qa3 31. Ng5 Qf8 32. Qb3 Qh6 33. Nxf7 Qg6+
34. Ng5 Nh4+ 35. Kg3 Qxd3+ 36. Kxh4 Nxd4 37. Qb2 Nf5+ 38. Kh5 Qd1+ 39. Kg6 Nh4+
40. Kf7 Qh5+ 41. Ke7 Ng6+ 42. Kxe6 Nf4+ 43. Kf5 Nd3 44. Qd2 Nc5 45. Qxd5+ Ka7
46. Qc6 Kb8 47. Bd8 Na6 48. e6 Qh8 49. e7 Qg8 50. e8=Q Qxe8 51. Qxe8 Kc8 52.
Ne6 Kb7 53. Bxc7 Nxc7 54. Qd7 Ka6 55. Qxc7 b5 56. Nc5# {Turbofish checkmated}
1-0

[Event "ICS rated blitz match"]
[Site "204.178.125.65"]
[Date "1999.10.21"]
[Round "?"]
[White "Hossa"]
[Black "andante"]
[Result "1-0"]
[WhiteElo "2440"]
[BlackElo "2219"]
[PlyCount "40"]
[EventDate "1999.??.??"]

1. e4 d6 2. Nf3 Nf6 3. Nc3 g6 4. d4 Bg7 5. Bg5 O-O 6. Be2 c5 7. dxc5 dxc5 8.
Qxd8 Rxd8 9. e5 Ng4 10. Bxe7 Re8 11. Bxc5 Nc6 12. Bd6 Bf5 13. Nh4 Be6 14. Nb5
Ngxe5 15. Nc7 Nd4 16. Bd1 Nc4 17. Bf4 Bg4+ 18. Kf1 Be2+ 19. Bxe2 Nxe2 20. Nxe8
20... Rxe8 {andante resigns} 1-0

[Event "ICS rated blitz match"]
[Site "204.178.125.65"]
[Date "1999.10.21"]
[Round "?"]
[White "Secret"]
[Black "Hossa"]
[Result "1-0"]
[WhiteElo "2716"]
[BlackElo "2447"]
[PlyCount "154"]
[EventDate "1999.??.??"]

1. e4 e5 2. Nc3 Nf6 3. Bc4 Nc6 4. d3 Bb4 5. Nge2 d5 6. exd5 Nxd5 7. O-O Nxc3 8.
bxc3 Be7 9. Be3 O-O 10. f4 Na5 11. Bb3 Nxb3 12. axb3 exf4 13. Nxf4 Bf6 14. d4
Re8 15. Qf3 Bh4 16. Bf2 Bg5 17. Rae1 Rxe1 18. Rxe1 Bd7 19. Be3 Bc6 20. Qg4 Bd7
21. Qh5 Bh4 22. Ra1 Qg5 23. Qf3 Qe7 24. Nd5 Qd8 25. Rf1 Be6 26. Nf4 Bc8 27. Nd3
Qe7 28. Bf2 Bg5 29. Re1 Qf8 30. Nc5 c6 31. b4 Kh8 32. Bg3 Be7 33. Qf4 f5 34.
Qc7 Bd8 35. Qe5 Bf6 36. Qe8 Kg8 37. Bd6 Qxe8 38. Rxe8+ Kf7 39. Rf8+ Kg6 40. Ne6
Bg5 41. Be5 Be7 42. Nf4+ Kh6 43. Rf7 Bf6 44. Bxf6 gxf6 45. Rc7 Kg5 46. g3 Kh6
47. Kf2 Rb8 48. c4 Ra8 49. d5 cxd5 50. cxd5 b6 51. d6 a5 52. d7 Bxd7 53. Rxd7
Rc8 54. Rd2 a4 55. Nd5 b5 56. Ne3 Kg6 57. Rd5 f4 58. gxf4 Rb8 59. Rd6 Kg7 60.
Nd5 a3 61. Ra6 Rc8 62. Ra7+ Kh6 63. c3 f5 64. Rxa3 Rd8 65. Ra6+ Kh5 66. Ne3 Rd3
67. Rc6 Rd2+ 68. Kf3 Rd3 69. Ke2 Rd8 70. Rc5 Rb8 71. Kf3 Kg6 72. Nxf5 Kf6 73.
Nd4 Ra8 74. Rxb5 Ra3 75. Rb6+ Kg7 76. Rc6 Ra1 77. Rc7+ 77... Kf6 {Hossa resigns
} 1-0

[Event "ICS rated blitz match"]
[Site "204.178.125.65"]
[Date "1999.10.21"]
[Round "?"]
[White "Hossa"]
[Black "GTS-Viper"]
[Result "0-1"]
[WhiteElo "2441"]
[BlackElo "2695"]
[PlyCount "69"]
[EventDate "1999.??.??"]

1. e4 c5 2. Nc3 Nc6 3. g3 g6 4. Bg2 Bg7 5. d3 d6 6. Nf3 e6 7. O-O Nge7 8. Be3
Nd4 9. Qd2 O-O 10. Bh6 Nxf3+ 11. Bxf3 Bxh6 12. Qxh6 Nc6 13. Bg2 Nd4 14. f4 Nxc2
15. Rac1 Ne3 16. Rfe1 Nxg2 17. Kxg2 Bd7 18. Rc2 Bc6 19. Kg1 Qf6 20. e5 dxe5 21.
Rxe5 Qd8 22. Rce2 Qxd3 23. Rf2 Qd4 24. Kf1 Rac8 25. Ke1 Rfd8 26. g4 b5 27. a3
b4 28. axb4 cxb4 29. Kf1 bxc3 30. Re1 Qd5 31. bxc3 Qh1+ 32. Ke2 Bb5+ 33. c4
Bxc4+ 34. Ke3 Rd3+ 35. Ke2 {Hossa resigns} 0-1

[Event "ICS rated blitz match"]
[Site "204.178.125.65"]
[Date "1999.10.21"]
[Round "?"]
[White "Hossa"]
[Black "Zamok"]
[Result "1-0"]
[WhiteElo "2444"]
[BlackElo "2168"]
[PlyCount "67"]
[EventDate "1999.??.??"]

1. e4 c5 2. Nf3 Nc6 3. d4 cxd4 4. Nxd4 Nf6 5. Nc3 d6 6. Bc4 Qb6 7. Nf3 Bg4 8.
O-O e6 9. Rb1 Be7 10. Bf4 Ne5 11. Bxe5 dxe5 12. Bb5+ Kf8 13. Be2 g6 14. Nxe5
Rd8 15. Nd3 Bxe2 16. Qxe2 Kg7 17. Rbd1 a6 18. e5 Nd5 19. Nxd5 Rxd5 20. Qe3 Qxe3
21. fxe3 Rc8 22. Rd2 Bb4 23. Rdf2 Ba5 24. Rxf7+ Kh6 25. e4 Rb5 26. R1f3 Rxc2
27. Rh3+ Kg5 28. Rfxh7 Bb6+ 29. Kf1 Rxe5 30. Nxe5 Rc1+ 31. Ke2 Rc2+ 32. Kd3
Rxb2 33. Rg3+ Kf4 34. Nxg6# {Zamok checkmated} 1-0

[Event "ICS rated blitz match"]
[Site "204.178.125.65"]
[Date "1999.10.21"]
[Round "?"]
[White "Hossa"]
[Black "iva"]
[Result "1-0"]
[WhiteElo "2449"]
[BlackElo "2441"]
[PlyCount "139"]
[EventDate "1999.??.??"]

1. e4 e6 2. d4 d5 3. Nc3 Bb4 4. e5 c5 5. a3 Bxc3+ 6. bxc3 Ne7 7. Qg4 O-O 8. Bd3
Nbc6 9. Nf3 f5 10. exf6 Rxf6 11. Bg5 Rf7 12. Qh5 g6 13. Qh6 Qa5 14. Bd2 Qa4 15.
dxc5 e5 16. Ng5 Rg7 17. O-O e4 18. Qh4 Nf5 19. Qf4 Qa5 20. Be2 Qxc5 21. g4 Nfe7
22. Qf6 Bd7 23. Be3 Qa5 24. c4 d4 25. Bxd4 Nxd4 26. Qxd4 Qxg5 27. Qxd7 Rf8 28.
Qxb7 Qf4 29. Qxa7 Nc6 30. Qe3 Qe5 31. Rad1 Rgf7 32. c5 Rf4 33. Qb3+ Kh8 34. Qd5
Qf6 35. g5 Qf5 36. Qxc6 Qxg5+ 37. Kh1 Rh4 38. Qc7 Qh6 39. Qe5+ Qg7 40. Qxg7+
Kxg7 41. Rd7+ Kh6 42. Kg2 Rhf4 43. c6 R4f6 44. c7 Rc6 45. Rd8 Kg7 46. Rxf8 Kxf8
47. c4 Rxc7 48. Kg3 Ra7 49. Ra1 Re7 50. c5 Kg7 51. c6 Kf6 52. Rb1 Rc7 53. Bb5
Ke5 54. h4 h6 55. a4 g5 56. h5 Kf5 57. Rd1 Ke5 58. Rd7 Rc8 59. Rh7 e3 60. Re7+
Kd6 61. Rxe3 Rf8 62. Rd3+ Kc7 63. Rd7+ Kb6 64. Rb7+ Kc5 65. c7 g4 66. Rb8 Rf3+
67. Kxg4 Rxf2 68. c8=Q+ Kd4 69. Qc4+ Ke3 70. Qd3# {iva checkmated} 1-0

[Event "ICS rated blitz match"]
[Site "204.178.125.65"]
[Date "1999.10.21"]
[Round "?"]
[White "BlondeKramnik"]
[Black "Hossa"]
[Result "0-1"]
[WhiteElo "2410"]
[BlackElo "2479"]
[PlyCount "56"]
[EventDate "1999.??.??"]

1. d4 e6 2. c4 Nf6 3. Nc3 d5 4. cxd5 exd5 5. Bg5 Nbd7 6. e3 Bb4 7. Bd3 c5 8.
Nge2 cxd4 9. exd4 O-O 10. O-O Nb6 11. Qc2 h6 12. Bh4 Be6 13. a3 Be7 14. Rad1
Rc8 15. Qb1 Nc4 16. Rfe1 Qd7 17. Rc1 Rfe8 18. Nf4 Nd2 19. Qa2 Qd6 20. Nxe6 fxe6
21. Rcd1 Nc4 22. Bg6 Rf8 23. Bg3 Qb6 24. Re2 Nxa3 25. Rde1 Qxd4 26. Rxe6 Bb4
27. Rd1 Rxc3 28. bxc3 28... Qxd1+ {BlondeKramnik resigns} 0-1